000 00310nam a22001217a 4500
008 180517b xxu||||| |||| 00| 0 eng d
041 _aeng
080 _a043.3
100 _a0
101 _aSHKI-BTH
245 _aAnaliza e infrastrukturës digjitale të sistemit të shkollave
_cGërbeshi,T
942 _2udc
_cBK
999 _c45882
_d45882